000 00445nam a2200169Ia 4500
003 GCL
008 140319s9999 xx 000 0 ara d
040 _aGCL /
_cGCL
082 0 4 _a402
_bف ا
100 1 _aفرحات عياش
245 1 0 _aالاشتقاق ودورة فى نمو اللغة /
_cفرحات عياش
300 _a187 ص
490 _a
650 0 4 _aالاشتقاق
650 0 4 _aاللغة العربية
942 _2ddc
_cBK
999 _c41419
_d41419